[Event "Mechanics' Spring TNM; G/2"]
[Site "San Francisco"]
[Date "2016.03.15"]
[Round "1.9"]
[White "Oyuntseren, Togtok"]
[Black "Traub, Igor Vladim"]
[Result "0-1"]
[WhiteElo "1571"]
[BlackElo "2136"]
[PlyCount "38"]
[EventDate "2016.??.??"]

1. c4 e5 2. Nc3 d6 3. e3 f5 4. Be2 Nf6 5. d4 Nbd7 6. Qc2 g6 7. f3 Bg7 8. dxe5
dxe5 9. Bd2 c6 10. O-O-O O-O 11. g3 Qe7 12. e4 Nc5 13. exf5 Bxf5 14. Ne4 Nfxe4
15. g4 Nxd2 16. Qxd2 Rad8 17. Qe3 Rxd1+ 18. Kxd1 Rd8+ 19. Kc1 Qh4 0-1

[Event "Mechanics' Winter TNM; G/2"]
[Site "San Francisco"]
[Date "2016.02.09"]
[Round "6.12"]
[White "Palmeri, Ralph P"]
[Black "Clemens, Kristian"]
[Result "0-1"]
[WhiteElo "1715"]
[BlackElo "1932"]
[PlyCount "118"]
[EventDate "2016.??.??"]

1. e4 e5 2. Nf3 Nc6 3. Bb5 Nd4 4. Nxd4 exd4 5. d3 g6 6. Nd2 $6 {Diagram #} Qg5
$1 7. Ba4 Qxg2 8. Qf3 Qxf3 9. Nxf3 Bg7 10. Bf4 c5 11. Bd6 b6 12. Bb3 Bb7 13.
O-O-O Nh6 14. Ng5 f5 15. Rhe1 O-O-O 16. e5 Bf8 17. f4 Bxd6 18. exd6 Rdf8 19.
Re7 Rf6 20. Rde1 Rxd6 21. Re8+ Rxe8 22. Rxe8+ Kc7 23. Re7 Bd5 24. Rxh7 Ng4 25.
Bxd5 Rxd5 26. h3 Nf6 27. Rg7 Nh5 28. Rxg6 Nxf4 29. Rg7 Re5 30. h4 Re1+ 31. Kd2
Re2+ 32. Kd1 Rh2 33. Rh7 Ng2 34. Nf3 Ne3+ 35. Ke1 Nxc2+ 36. Kf1 Ne3+ 37. Ke1
Rh1+ 38. Kf2 Rb1 39. Kg3 Nd5 40. Rf7 f4+ 41. Kg4 Rxb2 42. h5 Rg2+ 43. Kf5 Kd6
44. Ne5 Ne7+ 45. Kxf4 Rf2+ 46. Nf3 Ke6 47. Rf8 Rf1 48. Kg3 Nf5+ 49. Kg2 Ne3+
50. Kg3 Nf5+ 51. Kg4 Nh6+ 52. Kg5 Nf7+ 53. Kg4 Ne5+ 54. Kg3 Rxf3+ 55. Rxf3 Nxf3
56. Kxf3 Kf5 57. h6 Kg6 58. Ke4 Kxh6 59. Kd5 Kg6 0-1

[Event "Mechanics' Spring TNM; G/2"]
[Site "San Francisco"]
[Date "2016.04.26"]
[Round "7.33"]
[White "Palmeri, Ralph P"]
[Black "Donaldson, Kyle Ga"]
[Result "1-0"]
[WhiteElo "1715"]
[BlackElo "1434"]
[PlyCount "59"]
[EventDate "2016.??.??"]

1. e4 c5 2. Nf3 d6 3. Bb5+ Nc6 4. O-O a6 5. Bxc6+ bxc6 6. c3 e5 7. d4 cxd4 8.
cxd4 exd4 9. e5 Bg4 10. Qxd4 Bxf3 11. gxf3 c5 12. Qa4+ Qd7 13. Qxd7+ Kxd7 14.
Rd1 f6 15. exd6 Rd8 16. Nc3 Kc6 17. Bf4 g5 18. Bg3 h5 19. h3 Bxd6 20. Ne4 Be7
21. Rxd8 Bxd8 22. Rc1 Be7 23. b4 Kb5 24. bxc5 f5 25. Be5 Rh6 26. Nd6+ Kc6 27.
Nxf5 Re6 28. Nd4+ Kd5 29. Nxe6 Kxe6 30. c6 1-0

[Event "Mechanics' Winter TNM; G/2"]
[Site "San Francisco"]
[Date "2016.01.12"]
[Round "2.16"]
[White "Palmeri, Ralph P"]
[Black "Sarafian, Greg M"]
[Result "1-0"]
[WhiteElo "1715"]
[BlackElo "1956"]
[PlyCount "115"]
[EventDate "2016.??.??"]

1. e4 e5 2. Nf3 Nc6 3. Bb5 a6 4. Ba4 Nf6 5. d3 d6 6. O-O g6 7. Bg5 h6 8. Bh4 b5
9. Bb3 Be7 10. c3 O-O 11. Nbd2 Na5 12. Bc2 c5 13. Re1 g5 14. Bg3 Bg4 15. h3 Bh5
16. Nf1 Nc6 17. Ne3 Bg6 18. Bh2 Nh5 19. Qe2 Bf6 20. Nf5 Bxf5 21. exf5 Nf4 22.
Bxf4 exf4 23. Nd2 d5 24. Qh5 Kg7 25. Nf3 Qd7 26. d4 cxd4 27. cxd4 Rfe8 28. Re6
Rxe6 29. fxe6 Qxe6 30. Re1 Qd6 31. Rd1 Re8 32. h4 Rh8 33. hxg5 hxg5 34. Qg4 Kf8
35. Qc8+ Nd8 36. Qc5 Qxc5 37. dxc5 Ne6 38. Rxd5 g4 39. Ne5 g3 40. Nd7+ Ke7 41.
Nxf6 gxf2+ 42. Kxf2 Kxf6 43. b4 Rc8 44. Rd6 a5 45. a3 axb4 46. axb4 Ke5 47. Bb3
Ng5 48. Rd5+ Kf6 49. Bc2 Ne6 50. Bd3 Ke7 51. Bxb5 Rb8 52. c6 Kf6 53. Rd7 Rxb5
54. Rb7 Rd5 55. b5 Nd4 56. c7 Rc5 57. Rb6+ Kg5 58. Rc6 1-0

[Event "Mechanics' Fall TNM; G/2"]
[Site "San Francisco"]
[Date "2016.10.18"]
[Round "1.7"]
[White "Pan, Hongkai"]
[Black "Casares Jr, Nick"]
[Result "1-0"]
[WhiteElo "2099"]
[BlackElo "1617"]
[Annotator "Donaldson"]
[PlyCount "59"]
[EventDate "2016.??.??"]

1. d4 d5 2. c4 dxc4 3. e3 e5 4. Bxc4 e4 $2 (4... exd4) 5. Ne2 Bb4+ 6. Nbc3
Bxc3+ 7. bxc3 Qf6 8. Ng3 Qe7 9. Qb3 Nf6 10. Ba3 Qd7 11. Qb1 b6 12. Nxe4 Bb7 13.
Nc5 Qg4 14. Qb3 O-O 15. Nxb7 Qxg2 16. O-O-O Nc6 17. Bxf8 Rxf8 18. d5 Ne5 19. f4
Ned7 20. Qc2 Qf3 21. Qe2 Qe4 22. Qd3 Qe7 23. d6 cxd6 24. Nxd6 Nc5 25. Qd4 Ne6
26. Bxe6 Qxe6 27. Rd2 Rd8 28. Qe5 Qh3 29. Rg1 Ng4 30. Qg5 1-0

[Event "Mechanics' Fall TNM; G/2"]
[Site "San Francisco"]
[Date "2016.11.15"]
[Round "5.2"]
[White "Pan, Hongkai"]
[Black "O'Connor, Derek"]
[Result "1-0"]
[WhiteElo "2099"]
[BlackElo "2157"]
[Annotator "Donaldson"]
[PlyCount "123"]
[EventDate "2016.??.??"]

1. d4 d5 2. c4 c6 3. cxd5 cxd5 4. Nf3 Nf6 5. Nc3 Nc6 6. Bf4 a6 7. e3 Bg4 8. Be2
Bxf3 9. Bxf3 e6 10. O-O Bd6 11. Bg5 h6 12. Bh4 g5 13. Bg3 h5 14. e4 Bxg3 15.
fxg3 dxe4 16. Nxe4 Nxe4 17. Bxe4 Qxd4+ 18. Qxd4 Nxd4 19. Bxb7 Ra7 20. Bf3 g4
21. Rac1 Ke7 22. Bd1 f5 23. Re1 Kd6 24. Ba4 h4 25. Red1 e5 26. Rc6+ Ke7 27. Rc5
hxg3 28. hxg3 Kf6 29. Re1 Re7 30. Ra5 Re6 31. Rd5 Rb8 32. Bd7 Re7 33. Rd6+ Kf7
34. Bxf5 Nxf5 35. Rf1 Re6 36. Rxf5+ Ke7 37. Rd2 Rb4 38. b3 e4 39. Kf1 e3 40.
Rd3 Rb5 41. Rxb5 axb5 42. a4 bxa4 43. bxa4 e2+ 44. Ke1 Re4 45. a5 Ra4 46. Rd5
Ke6 47. Rb5 Ra2 48. Rg5 Kf6 49. Rxg4 Rxa5 50. Kxe2 Ra2+ 51. Kf3 Ra3+ 52. Kf2
Ra2+ 53. Kg1 Ra7 54. Rh4 Kg5 55. Rb4 Rf7 56. Kh2 Rf8 57. Re4 Rh8+ 58. Kg1 Rf8
59. Rh4 Rf7 60. Rh8 Kg6 61. g4 Kg7 62. Rh3 {This position is a theoretical
draw but White later won. Remaining moves not available.} 1-0

[Event "Mechanics' Fall TNM; G/2"]
[Site "San Francisco"]
[Date "2016.11.01"]
[Round "3.5"]
[White "Pan, Hongkai"]
[Black "Walters, Kevin"]
[Result "1/2-1/2"]
[WhiteElo "2099"]
[BlackElo "1864"]
[PlyCount "110"]
[EventDate "2016.??.??"]

1. d4 Nf6 2. c4 e5 3. dxe5 Ng4 4. Bf4 Bc5 5. e3 d6 6. Nf3 Nc6 7. Bg5 f6 8. exf6
Nxf6 9. a3 Qe7 10. Nc3 Qf7 11. Na4 Bb6 12. Qc2 Be6 13. Bd3 O-O-O 14. Nxb6+ axb6
15. Bf4 h6 16. Bg6 Qg8 17. Rc1 Ne7 18. Nh4 Bf7 19. O-O Qe8 20. Bxf7 Qxf7 21.
Nf5 g5 22. Bg3 Nh5 23. Nxe7+ Qxe7 24. b4 Nxg3 25. hxg3 c5 26. a4 Kc7 27. a5
bxa5 28. bxa5 Ra8 29. Qb2 Rh7 30. Ra1 Ra6 31. Rfb1 Kc8 32. Qc2 Rf7 33. Rb5 Qf6
34. Rab1 Re7 35. Qd3 Rf7 36. f3 Qe6 37. Rd1 Re7 38. Rxc5+ Kb8 39. Rd5 Qxe3+ 40.
Qxe3 Rxe3 41. f4 Rxg3 42. f5 Kc7 43. f6 Rg4 44. c5 Rf4 45. cxd6+ Kd7 46. Rb5
Rxf6 47. Rxb7+ Kd8 48. Rb6 Rxa5 49. Rb8+ Kd7 50. Rb7+ Kd8 51. d7 Ra8 52. Re1
Rf8 53. g4 Rg8 54. Kf2 Rf8+ 55. Ke3 Ke7 1/2-1/2

[Event "Mechanics' Fall TNM; G/2"]
[Site "San Francisco"]
[Date "2016.12.06"]
[Round "8.3"]
[White "Pan, Hongkai"]
[Black "Winslow, Elliott C"]
[Result "0-1"]
[WhiteElo "2099"]
[BlackElo "2314"]
[Annotator "Winslow,Elliott"]
[PlyCount "82"]
[EventDate "2016.??.??"]

1. d4 Nf6 2. c4 g6 3. Nc3 Bg7 4. e4 d6 5. Nge2 O-O 6. Ng3 e5 7. d5 a5 8. Be2
Na6 9. h4 h5 10. Bg5 Qe8 11. Qd2 Nh7 {"The sacrifice with"} 12. Bxh5 $146 {
is untried here." "The position is unclear after"} ({Relevant:} 12. Bh6 $6 Qe7
13. O-O-O Bd7 14. Bxg7 Kxg7 15. Nf1 Nc5 16. Ne3 f5 17. exf5 gxf5 18. Bxh5 f4
19. Nc2 Bf5 20. Be2 Nf6 21. g4 Nfe4 22. Nxe4 Bxe4 23. f3 Bh7 24. Ne1 e4 25. Nc2
exf3 26. Qd4+ Qe5 27. Bxf3 Rae8 28. Rh2 Kg8 29. Rhd2 Be4 30. Rf1 Bh7 31. Rfd1
a4 32. Qf2 a3 33. Nxa3 Qe3 {0-1 (33) Jakab,A (2369)-Toth,E (2431) Hungary 2016}
) (12. Be3 Qe7 13. O-O-O Bd7 14. Nf1 f5 15. exf5 gxf5 16. Bg5 Nxg5 17. hxg5 a4
18. Ng3 a3 19. Nxh5 axb2+ 20. Kxb2 Nc5 21. g6 e4 22. Nxg7 Qxg7 23. Rh7 Qxg6 24.
Rdh1 Qxh7 25. Rxh7 Kxh7 26. Qg5 Rg8 27. Qh4+ {
1/2-1/2 (29) Gual Pascual,A (2397) -Hess,M (2252) Barcelona ESP 2016} Kg7 28.
Qg5+ Kh7 29. Qh4+ {
1/2-1/2 (29) Gual Pascual,A (2397) -Hess,M (2252) Barcelona ESP 2016}) (12.
O-O-O $5 Bd7 13. Bh6 Bxh6 14. Qxh6 Qe7 15. Nf1 Qf6 16. Qe3 Nc5 17. g3 Rae8 18.
Nd2 Qg7 19. Rdg1 f5 20. exf5 Bxf5 21. f3 e4 22. fxe4 Nf6 23. Bf3 Bg4 24. Bg2
Bd7 25. Rf1 Ng4 26. Qe2 Qe5 27. Kb1 Qxg3 28. Bf3 Qe5 29. Bxg4 Bxg4 30. Qe3 Kg7
31. Rxf8 Rxf8 32. Re1 Qh2 33. Nb5 Rf2 34. Qd4+ Kh7 35. Kc2 Be2 36. Qe3 Bxc4 37.
Nxc7 Nd3 38. Rd1 Qe5 39. Qb6 Nb4+ 40. Kc1 Bd3 41. Qxa5 Qd4 42. Ne6 Qc4+ {
1/2-1/2 (42) Kunin,V (2589)-Bodrozic,T (2323) Boeblingen GER 2014}) 12... f6 $5
({"or} 12... gxh5 13. Nxh5 Bh8 14. Bh6 f5 {" (Vigorito)}) 13. Bxg6 Qxg6 14. Be3
f5 $5 (14... Qg4 $5 $13 {Vigorito is all he gave}) 15. exf5 Bxf5 16. h5 Qg4 17.
h6 Bf6 18. Nxf5 Qxf5 {So the pawn at c4 is safe. But I am threatening to
dilute White's play with ...Bg5.} 19. Rh3 {
Diagram [#] Rf3 and Rg3+ are annoying possibilities} (19. f3 Bg5) 19... Nb4 $1
20. O-O-O e4 (20... Kh8 $1 21. Rf3 Qg4 {/\...Qxc4, ... Bg5}) 21. g4 $2 (21. Kb1
Ng5 $1 {is actually possible! But perilous...}) 21... Qg6 22. g5 $2 {
I'm pretty sure he overlooked the following sequence.} (22. f4 exf3 23. Rxf3
Nxa2+ $5 (23... Bg5) 24. Nxa2 Bxb2+ 25. Qxb2 Rxf3) 22... Bxc3 $1 23. bxc3 Nd3+
24. Kb1 Nxf2 $1 25. Bxf2 e3+ (25... Rxf2 $4 26. Qxf2 e3+ 27. Qc2) 26. Qc2 Qxc2+
27. Kxc2 exf2 28. Rhh1 Nxg5 29. Kd3 Rf3+ 30. Ke2 Re8+ 31. Kf1 Re1+ 32. Rxe1
fxe1=Q+ 33. Kxe1 Rxc3 34. Ke2 Kh7 {
Silman would chastise me for not taking all his pawns:} (34... Rxc4 35. Rg1
Re4+ 36. Kf2 Re5 37. Rc1 Ne4+) 35. Rh4 Ra3 36. Kf2 Nf7 (36... Rxa2+) 37. Re4
Ne5 (37... Rxa2+) 38. c5 Kxh6 (38... Rxa2+) 39. cxd6 cxd6 (39... Rxa2+) 40. Re2
Kg5 41. Rb2 Nd3+ 0-1

[Event "Mechanics' Alan Benson TNM; G/2"]
[Site "San Francisco"]
[Date "2016.08.16"]
[Round "3.37"]
[White "Paquette, James"]
[Black "Bayaraa, Bilguun"]
[Result "1-0"]
[WhiteElo "1730"]
[BlackElo "796"]
[Annotator "Donaldson"]
[PlyCount "101"]
[EventDate "2016.??.??"]

1. e4 c5 2. Nc3 d6 3. f4 e6 4. Nf3 Nc6 5. Bb5 d5 6. e5 c4 7. Nd4 Bd7 8. Bxc6
Bxc6 9. Nxc6 bxc6 10. O-O Bc5+ 11. Kh1 Nh6 12. d4 Bb6 13. Ne2 O-O 14. Ng3 Qh4
15. Rf3 Ng4 16. h3 {Diagram [#]} Qxg3 $1 17. hxg4 Qxg4 18. Be3 Bd8 19. Qe1 f5
20. Rh3 g6 21. Qf2 h5 22. Kh2 Rf7 23. Rh1 Rh7 24. Qe1 h4 25. Kg1 g5 26. fxg5 f4
27. Rxh4 Rxh4 28. Rxh4 Qxg5 29. Rxf4 Qg6 30. Qe2 Kh7 31. Qf3 Bg5 32. Qh3+ Qh6
33. Rh4 Qxh4 34. Bxg5 Qxh3 35. gxh3 Rg8 36. h4 Kg6 37. Kf2 Rh8 38. b3 a5 39.
Be7 a4 40. b4 Kf7 41. Bd6 Rg8 42. Kf3 Kg6 43. Be7 Kf7 44. Bg5 a3 45. c3 Ke8 46.
Kg4 Kd7 47. h5 Rf8 48. Bf6 Rg8+ 49. Kf3 Rg1 50. h6 Ra1 $4 (50... Rh1 $15) 51.
h7 1-0

[Event "Mechanics' Winter TNM; G/2"]
[Site "San Francisco"]
[Date "2016.02.23"]
[Round "8.16"]
[White "Paquette, James"]
[Black "Bayaraa, Chinguun"]
[Result "0-1"]
[WhiteElo "1676"]
[BlackElo "1889"]
[Annotator "Donaldson"]
[PlyCount "98"]
[EventDate "2016.??.??"]

1. d4 Nf6 2. Nf3 d5 3. e3 e6 4. Bd3 c5 5. b3 b6 6. Bb2 Nbd7 7. Nbd2 Bb7 8. O-O
Be7 9. Ne5 Nxe5 10. dxe5 Nd7 11. f4 Qc7 12. Qh5 g6 13. Qe2 a6 14. c4 Rg8 15.
Rac1 dxc4 16. Nxc4 b5 17. Nd2 Qb6 18. Be4 Rc8 19. Rfd1 g5 20. Bxh7 Rh8 21. Be4
gxf4 22. Bxb7 Qxb7 23. exf4 Nb6 24. Ne4 Nd5 25. Nd6+ Bxd6 26. exd6 Rg8 27. f5
Kd7 28. fxe6+ fxe6 29. Rf1 Rcf8 30. Rxf8 Rxf8 31. Rxc5 (31. Qg4 $1 {
is even stronger.}) 31... Qb6 32. Bd4 Qxd6 33. Qe5 Rf4 34. g3 Rg4 35. Kf2 Qf8+
36. Ke2 Qh6 37. Rxd5+ (37. Bf2 $18) 37... exd5 38. Qxd5+ Qd6 39. Qb7+ Ke6 40.
Qc8+ Qd7 41. Qxa6+ Kd5 42. Be3 Rg8 43. Qf6 Qg4+ 44. Qf3+ Qxf3+ 45. Kxf3 b4 46.
h4 Ra8 47. Bd2 Rxa2 48. Bxb4 Rb2 49. Bd2 $4 {Time pressure spoils a
well-played game by White turning a win into a draw and finally a loss.} (49.
Kf4 Rxb3 50. Bd2 {draws.}) 49... Rxd2 0-1

[Event "Mechanics' Fall TNM; G/2"]
[Site "San Francisco"]
[Date "2016.12.06"]
[Round "8.14"]
[White "Paquette, James"]
[Black "Campers Jr, Willie"]
[Result "1/2-1/2"]
[WhiteElo "1767"]
[BlackElo "1751"]
[PlyCount "91"]
[EventDate "2016.??.??"]

1. d4 d5 2. Nf3 Nf6 3. e3 e6 4. Bd3 c5 5. b3 Nc6 6. Bb2 Nb4 7. O-O Nxd3 8. Qxd3
Bd7 9. Nbd2 b5 10. Ne5 c4 11. Qe2 Bd6 12. f4 Qc7 13. c3 a5 14. Rf3 O-O 15. Rh3
Rfb8 16. g4 g6 17. g5 Bxe5 18. fxe5 Ne8 19. Qf2 Ng7 20. Qh4 Nh5 21. Nf1 Be8 22.
Ng3 Nxg3 23. Qxh7+ Kf8 24. hxg3 Ke7 25. Rf1 Kd8 26. Qg8 Qe7 27. Rf6 Ra7 28. Rh8
Kd7 29. Rxf7 Qxf7 30. Qxf7+ Bxf7 31. Rxb8 Kc6 32. Rc8+ Rc7 33. Rxc7+ Kxc7 34.
Kf2 b4 35. Ke2 Kc6 36. Kd2 Kb5 37. Kc2 a4 38. cxb4 axb3+ 39. axb3 Kxb4 40. Bc3+
Kb5 41. bxc4+ Kxc4 42. Kd2 Be8 43. Ba5 Ba4 44. Bb6 Bb3 45. Bc5 Ba4 46. Ba7
1/2-1/2

[Event "Mechanics' Winter TNM; G/2"]
[Site "San Francisco"]
[Date "2016.02.09"]
[Round "6.36"]
[White "Paquette, James"]
[Black "Capdeville, Barry"]
[Result "1-0"]
[WhiteElo "1676"]
[BlackElo "1273"]
[PlyCount "107"]
[EventDate "2016.??.??"]

1. d4 d5 2. Nf3 e6 3. e3 Nf6 4. Bd3 Be7 5. Nbd2 O-O 6. Ne5 c5 7. b3 cxd4 8.
exd4 Bb4 9. Bb2 Bxd2+ 10. Qxd2 Nc6 11. O-O Ne4 12. Qe2 f6 13. Nxc6 bxc6 14.
Bxe4 dxe4 15. Qxe4 Bd7 16. Rad1 Rc8 17. Rd3 Be8 18. Qxe6+ Bf7 19. Qg4 Bg6 20.
Rg3 f5 21. Qg5 Qd7 22. Re3 Rce8 23. Rfe1 Rxe3 24. Rxe3 Rf7 25. Ba3 Rf6 26. Qf4
Re6 27. Rxe6 Qxe6 28. Qe5 Qxe5 29. dxe5 f4 30. Bc5 Bxc2 31. Bxa7 Bb1 32. a3 Bc2
33. b4 Ba4 34. e6 Bb3 35. e7 Kf7 36. Bc5 Ke8 37. f3 g5 38. Kf2 h5 39. g3 Bd1
40. h4 fxg3+ 41. Kxg3 gxh4+ 42. Kxh4 Bxf3 43. a4 Be2 44. a5 Bc4 45. Kxh5 Be2+
46. Kg5 Kd7 47. Kf6 Bh5 48. a6 Kc7 49. a7 Kb7 50. Kg7 Ka8 51. Kf8 Bg6 52. e8=Q+
Bxe8 53. Kxe8 Kb7 54. Kd7 1-0

[Event "Mechanics' Spring TNM; G/2"]
[Site "San Francisco"]
[Date "2016.04.19"]
[Round "6.14"]
[White "Paquette, James"]
[Black "Clemens, Kristian"]
[Result "1/2-1/2"]
[WhiteElo "1677"]
[BlackElo "1918"]
[PlyCount "114"]
[EventDate "2016.??.??"]

1. e4 e5 2. Nf3 Nc6 3. Bc4 Bc5 4. b4 Bxb4 5. c3 Ba5 6. d4 exd4 7. O-O Nge7 8.
cxd4 d5 9. exd5 Nxd5 10. Qb3 Be6 11. Qxb7 Nce7 12. Bb5+ Kf8 13. Ba3 Qc8 14. Qc6
Kg8 15. Bxe7 Nxe7 16. Qc5 Qd8 17. Bd3 Bb6 18. Qc3 Nd5 19. Qd2 Qf6 20. Nc3 Nxc3
21. Qxc3 c5 22. Rfe1 cxd4 23. Qc6 Rd8 24. Bc4 Bd7 25. Qxd7 g6 26. Re8+ Kg7 27.
Rxd8 Rxd8 28. Qa4 d3 29. Rd1 Qb2 30. Rd2 Qc1+ 31. Rd1 Qb2 32. Nd2 Qd4 33. Rf1
Qf4 34. Qd1 Ba5 35. Nb3 Bc7 36. g3 Qxc4 37. Qa1+ f6 38. Rc1 Be5 39. Rxc4 Bxa1
40. Rc7+ Kh6 41. Rc1 Bb2 42. Rd1 Bc3 43. Kf1 a5 44. a4 Kg5 45. Nc5 Re8 46. Nxd3
Re4 47. Nc5 Rc4 48. Rd5+ Kh6 49. Ke2 Bb4 50. Nb3 Rc2+ 51. Ke3 Ra2 52. Nxa5 Rxa4
53. Nc6 Ra3+ 54. Rd3 Bc5+ 55. Nd4 Ra8 56. Kf3 Bxd4 57. Rxd4 Ra3+ 1/2-1/2

[Event "Mechanics' Summer TNM; G/2"]
[Site "San Francisco"]
[Date "2016.05.31"]
[Round "2.32"]
[White "Paquette, James"]
[Black "Enkh, Tergelsar"]
[Result "1-0"]
[WhiteElo "1651"]
[BlackElo "1205"]
[PlyCount "97"]
[EventDate "2016.??.??"]

1. d4 d5 2. Nf3 Nf6 3. Nbd2 Bf5 4. Nh4 Bd7 5. e3 e6 6. Bd3 Bd6 7. f4 c5 8. O-O
cxd4 9. exd4 Nc6 10. c3 O-O 11. Ndf3 Rc8 12. Qc2 Nb4 13. Qb1 Nxd3 14. Qxd3 a6
15. a4 Ne4 16. Ng5 f5 17. Qh3 h6 18. Nxe4 dxe4 19. Ng6 Rf6 20. Ne5 Bxe5 21.
fxe5 Rg6 22. Rf4 Kh7 23. Kf2 Qg5 24. Rh4 Qg4 25. Rxg4 fxg4 26. Qe3 Rf8+ 27. Ke1
b5 28. axb5 Bxb5 29. Qxe4 Rf1+ 30. Kd2 Rf2+ 31. Ke3 Re2+ 32. Kf4 Rxe4+ 33. Kxe4
g3 34. hxg3 Rxg3 35. d5 exd5+ 36. Kxd5 Rxg2 37. c4 Be8 38. Rxa6 Rc2 39. Ra1 g5
40. b4 Re2 41. e6 Kg7 42. Ra3 Kf6 43. Re3 Rxe3 44. Bxe3 h5 45. b5 h4 46. b6 h3
47. Bd4+ Kf5 48. Bg1 g4 49. b7 1-0

[Event "Mechanics' Alan Benson TNM; G/2"]
[Site "San Francisco"]
[Date "2016.08.30"]
[Round "5.27"]
[White "Paquette, James"]
[Black "Erdenebat, Erdenem"]
[Result "1-0"]
[WhiteElo "1730"]
[BlackElo "568"]
[Annotator "Winslow,Elliott"]
[PlyCount "39"]
[EventDate "2016.??.??"]

1. e4 e5 2. Nc3 Bc5 3. Bc4 Nc6 4. f4 d6 5. Nf3 exf4 6. d4 Bb6 7. Bxf4 Nf6 8. e5
Nh5 9. Bxf7+ $6 Kxf7 10. Ng5+ Kf8 $2 (10... Kg6 $17) 11. Qxh5 Qd7 12. e6 Qe8 {
Diagram [#]} 13. Bxd6+ cxd6 14. Rf1+ Ke7 15. Nd5+ Kd8 16. Nf7+ Qxf7 17. Qxf7 (
17. exf7) 17... Bxe6 18. Qxe6 $6 Nxd4 $6 (18... Re8 19. Rf8 Rxf8 20. Qxd6+ Ke8
21. O-O-O) 19. Qxd6+ Kc8 20. Ne7# 1-0

[Event "Mechanics' Winter TNM; G/2"]
[Site "San Francisco"]
[Date "2016.01.26"]
[Round "4.50"]
[White "Paquette, James"]
[Black "Frank, Robert H"]
[Result "1-0"]
[WhiteElo "1676"]
[BlackElo "1319"]
[PlyCount "73"]
[EventDate "2016.??.??"]

1. d4 Nf6 2. Nf3 d5 3. e3 e6 4. Bd3 Bd6 5. b3 O-O 6. Bb2 Re8 7. Nbd2 c5 8. O-O
cxd4 9. exd4 Nc6 10. c4 Nb4 11. Bb1 dxc4 12. Nxc4 Bc7 13. a3 Nc6 14. Qc2 Qd5
15. Nce5 Bb6 16. Rd1 h6 17. Qd3 a5 18. Bc2 Nxe5 19. Nxe5 Re7 20. Ng4 Ne4 21.
Qxe4 Qxe4 22. Bxe4 f5 23. Nxh6+ gxh6 24. Bf3 Rc7 25. Rac1 Ra7 26. Rxc7 Bxc7 27.
d5 exd5 28. Bxd5+ Kh7 29. Re1 Bd6 30. Re8 Bd7 31. Rg8 Bxa3 32. Bxa3 Bc6 33. Rd8
Kg7 34. Bb2+ Kg6 35. Rg8+ Kh5 36. Bf7+ Kh4 37. Bf6# 1-0

[Event "Mechanics' Alan Benson TNM; G/2"]
[Site "San Francisco"]
[Date "2016.08.09"]
[Round "2.30"]
[White "Paquette, James"]
[Black "James, Charles"]
[Result "0-1"]
[WhiteElo "1730"]
[BlackElo "1380"]
[PlyCount "68"]
[EventDate "2016.??.??"]

1. e4 c5 2. Nc3 d6 3. f4 e5 4. fxe5 dxe5 5. Nf3 Nd7 6. Bb5 Bd6 7. O-O Ngf6 8.
a4 a6 9. Bc4 O-O 10. d3 b6 11. Qe1 Bb7 12. Qg3 Nh5 13. Qh3 Ndf6 14. Bg5 Bc8 15.
Bxf6 Nxf6 16. Qh4 h6 17. Nd5 Be7 18. Nxe7+ Qxe7 19. Qg3 Ng4 20. h3 Ne3 21. Nxe5
Nxf1 22. Rxf1 Be6 23. Bxe6 Qxe6 24. Rf5 Kh7 25. Qf4 Ra7 26. Rh5 g5 27. Qxg5 Rg8
28. Qf4 Re7 29. Ng4 Rg6 30. Rf5 Kg7 31. Ne5 Rf6 32. Qg4+ Kh7 33. Rxf6 Qxf6 34.
Nd7 Qd4+ 0-1

[Event "Mechanics' Alan Benson TNM; G/2"]
[Site "San Francisco"]
[Date "2016.09.13"]
[Round "7.19"]
[White "Paquette, James"]
[Black "Kondakov, Adrian"]
[Result "0-1"]
[WhiteElo "1730"]
[BlackElo "1946"]
[Annotator "Winslow,Elliott"]
[PlyCount "116"]
[EventDate "2016.??.??"]

1. e4 e6 2. d4 d5 3. e5 c5 4. c3 Nc6 5. Nf3 Qb6 6. Bd3 cxd4 7. cxd4 Bd7 8. Nc3
Nxd4 9. Nxd4 Qxd4 10. O-O a6 11. Qe2 Ne7 12. Kh1 Nc6 13. f4 Bc5 ({
Computer likes} 13... Qa7 {- heh!}) 14. a3 Ba7 15. Bd2 Qb6 16. Qg4 g6 17. b4
Nd4 18. Be3 Qd8 19. Bxd4 $2 Bxd4 {Diagram [#]} 20. f5 $4 {It would be nice if
Black had to take everything and get checkmated, but alas...} Bxe5 (20... Bxc3)
({Computer notes that the greedy} 20... Bxc3 {works fine --} 21. fxg6 hxg6 22.
Bxg6 Qh4 {ruins all White's fun.}) 21. fxg6 hxg6 22. Bxg6 $2 {
The dream goes on...} Rxh2+ {and the rude awakening...} 23. Kg1 Qb6+ 24. Rf2
Rh1+ (24... O-O-O $1 {would have been even ruder.}) 25. Kxh1 Qxf2 26. Bd3 O-O-O
27. Bh7 Rh8 28. Qh5 Qf5 (28... Bxc3 29. Rc1 Bc6) 29. Bxf5 Rxh5+ 30. Bh3 Bxc3
31. Rf1 Rh7 32. Rc1 d4 33. Kg1 Kc7 34. Kf2 Kd6 35. Ke2 Ke5 36. Rxc3 dxc3 37.
Kd3 Rh4 38. Kxc3 b6 39. Kd3 f5 40. Ke3 f4+ 41. Kf3 Bc6+ 42. Kf2 f3 43. Kg3 Rf4
44. gxf3 Rxf3+ 45. Kg4 Rxh3 46. Kxh3 Kf4 47. Kh2 e5 48. Kg1 e4 49. Kf2 e3+ 50.
Ke2 Bb5+ 51. Ke1 Kf3 52. a4 Bxa4 53. Kf1 Bb5+ 54. Ke1 e2 55. Kd2 Kf2 56. Kc2
e1=Q 57. Kb3 Qc1 58. Ka2 Bc4# 0-1

[Event "Mechanics' Summer TNM; G/2"]
[Site "San Francisco"]
[Date "2016.07.12"]
[Round "8.18"]
[White "Paquette, James"]
[Black "Kondakov, Adrian"]
[Result "0-1"]
[WhiteElo "1651"]
[BlackElo "1854"]
[Annotator "Donaldson"]
[PlyCount "90"]
[EventDate "2016.??.??"]

1. e4 e6 2. d4 d5 3. e5 c5 4. c3 Nc6 5. Nf3 Qb6 6. Bd3 cxd4 7. cxd4 Bd7 8. Nc3
a6 9. O-O Nxd4 10. Nxd4 Qxd4 11. Re1 Ne7 12. Qf3 Nc6 13. Bf4 Qb6 14. Na4 Qa5
15. Nc3 Nd4 16. Qg3 Bb5 17. Nxb5 Nxb5 18. Rec1 Nd4 19. Be3 Nc6 20. f4 g6 21.
Qf2 Qc7 22. Bb6 Qd7 23. a3 Be7 24. Rc2 Bd8 25. Rac1 Bxb6 26. Qxb6 O-O 27. b4
Rfc8 28. a4 Ne7 29. Rc7 $11 Rxc7 $2 (29... Qd8) 30. Rxc7 Qd8 31. Qd6 (31. Qxb7)
(31. Rxb7) 31... Qxd6 32. exd6 Nc8 33. d7 Nd6 {Diagram [#]} 34. b5 $2 (34. Bxa6
bxa6 35. Rc6 $16) 34... a5 35. b6 Kf8 (35... Rd8 {followed by ...Kf8-e7.}) 36.
Bb5 (36. Ba6 $1 Ke7 37. Bxb7 Nxb7 38. Rxb7 Ra6 39. Kf2 f6 40. Ke3 e5 41. g4 $1
{intending g5 should win.}) 36... Rd8 $1 37. Kf1 Ke7 38. Rc5 Nxb5 39. Rxb5 Kxd7
40. Rxa5 Kc6 41. Rb5 Ra8 42. Rb4 Ra6 43. a5 Rxa5 44. g3 Ra6 45. Kf2 Rxb6 0-1

[Event "Mechanics' Spring TNM; G/2"]
[Site "San Francisco"]
[Date "2016.03.22"]
[Round "2.13"]
[White "Paquette, James"]
[Black "Mays, Jerry L"]
[Result "1-0"]
[WhiteElo "1677"]
[BlackElo "1986"]
[Annotator "Donaldson"]
[PlyCount "63"]
[EventDate "2016.??.??"]

1. d4 Nf6 2. Nf3 g6 3. Nc3 Bg7 (3... d5) 4. e4 d6 5. Be3 O-O 6. Qd2 (6. h3)
6... Ng4 7. h4 Nxe3 (7... h5) 8. Qxe3 e5 9. h5 exd4 10. Nxd4 c5 (10... Nc6 11.
Nxc6 bxc6) 11. Nf3 Nc6 12. hxg6 hxg6 13. Ng5 Bd4 14. Qf4 Qf6 15. Qxf6 Bxf6 16.
Nh7 Bxc3+ 17. bxc3 Rd8 18. O-O-O Kg7 (18... Be6 19. Nf6+ Kg7 20. Nd5 Rh8) 19.
Ng5 Kf6 (19... Be6 20. Rh7+ Kf6 21. Nxe6) 20. f4 Bg4 21. Rh7 Be6 22. Nxe6 fxe6
23. Rxb7 g5 24. fxg5+ Kxg5 25. Rc7 Ne5 26. Be2 Kf4 27. Bf3 Nxf3 28. Rf7+ Kxe4
29. Rxf3 e5 30. c4 Rg8 {Diagram [#]} (30... Rf8 31. Rxf8 Rxf8 32. Rxd6 Rg8 33.
Rd2 (33. Rd5 Rxg2 34. Rxc5 Kd4 35. Rd5+ Kc3 36. Rd3+ Kxc4) 33... Ke3) 31. c3 $1
Rxg2 32. Rdd3 1-0

[Event "Mechanics' Fall TNM; G/2"]
[Site "San Francisco"]
[Date "2016.11.08"]
[Round "4.28"]
[White "Paquette, James"]
[Black "McEnroe, Glenn Aus"]
[Result "1-0"]
[WhiteElo "1767"]
[BlackElo "1508"]
[PlyCount "43"]
[EventDate "2016.??.??"]

1. d4 Nf6 2. Nf3 g6 3. Nc3 d6 4. e4 Bg7 5. Be2 O-O 6. Be3 b6 7. Qd2 Ng4 8. Bg5
Nf6 9. Bh6 Bb7 10. Bd3 Nbd7 11. h4 c5 12. h5 $1 cxd4 13. hxg6 dxc3 14. Qg5 fxg6
15. Bxg7 Kxg7 16. Qh6+ Kg8 17. Bc4+ d5 18. exd5 Bxd5 19. Bxd5+ Kh8 20. Ng5 Nc5
{Diagram [#]} 21. Qxh7+ $1 Nxh7 22. Rxh7# 1-0